000 01091cam a2200217 4500
001 WB4007-10
008 040219n2004 000 0 eng u
035 _a(Sirsi) u125195
245 _aResidential sales to exceed £12bn
260 _c2004
490 _aScottish Executive News Release
_v(SEc412/2004) 18 February 2004 (3)
520 _aFigures released by the Registers of Scotland indicate that the value of the Scottish residential property market could exceed £12bn for 2003/2004. The figures show the average price for a residential property in Scotland is £103 394, an increase of 17% over the same period last year and also provide average house prices and total market value for the different regions. The quarterly report is available from http://www.ros.gov.uk/pressreleases.html. News release http://www.scotland.gov.uk/pages/news/2004/02/SEc4 12.aspx
590 _aWB
590 _aWB
650 _aSCOTLAND
650 _aRESIDENTIAL PROPERTY MARKET
650 _aHOUSE SALES
650 _aAVERAGE HOUSE PRICES
690 _aHOUSING-HOUSE PRICES
942 _n0
999 _c117039
_d117039